000 00555nam a22002057a 4500
003 OSt
005 20180116183019.0
008 151029b xxu||||| |||| 00| 0 eng d
020 _a9788131731628
040 _c0
082 _a658.46 ROU 2011
100 _aJames S. O'Rourke IV
245 _aManagement Communication
_bA Case-Analysis Approach
_cJames S. O'Rourke IV
250 _a4th Ed.
260 _aDelhi
_bPearson
_c2011
300 _a417 p.
_bPB
440 _aManagement Communication
600 _aJames S. O'Rourke IV
942 _2ddc
_cBK
999 _c350492
_d350492